Loading...
| Science - Chemistry | 0 | 2 | 0 | 0 | 20 | 45 | 53.50 | 0 | 1 | 9.44 | 14.36 |
| History - World | 0 | 2 | 1 | 1 | 15 | 90 | 110.50 | 0 | 0 | 3.08 | 6.45 |
| Science - Biology | 0 | 2 | 1 | 1 | 15 | 84 | 88.50 | 0 | 1 | 5.18 | 16.00 |
| Religion | 0 | 1 | 0 | 0 | 10 | 96 | 96.00 | 0 | 1 | 1.19 | 5.00 |
| Social Science | 0 | 1 | 0 | 0 | 10 | 49 | 49.00 | 1 | 1 | 5.10 | 10.00 |
| History - Other | 0 | 1 | 0 | 0 | 10 | 96 | 96.00 | 0 | 1 | 1.86 | 8.00 |
| Mythology | 0 | 1 | 0 | 0 | 10 | 100 | 100.00 | 0 | 0 | 2.25 | 4.00 |
| Science - Other | 0 | 1 | 0 | 0 | 10 | 54 | 54.00 | 0 | 1 | 5.46 | 9.09 |
| Science - Physics | 0 | 1 | 0 | 0 | 10 | 60 | 60.00 | 0 | 1 | 4.55 | 7.00 |
| Literature - British | 0 | 0 | 1 | 0 | -5 | 0.00 | 0 | 0 | 0.00 | 0.00 | |
| History - European | 0 | 0 | 1 | 0 | -5 | 0.00 | 0 | 0 | 0.00 | 0.00 |